[Event "Emilia Romagna Province-ch"]
[Site "Formigine"]
[Date "2007.05.01"]
[Round "5"]
[White "Grandi, Davide"]
[Black "Campidelli, Silvio"]
[Result "1/2-1/2"]
[WhiteElo "1673"]
[BlackElo "1554"]
[PlyCount "48"]
[EventDate "2007.04.28"]
[EventType "swiss"]
[EventRounds "6"]
[EventCountry "ITA"]
[SourceTitle "EXT 2009"]
[Source "ChessBase"]
[SourceDate "2008.11.26"]
[SourceVersion "1"]
[SourceVersionDate "2008.11.26"]
[SourceQuality "1"]

1. c4 Nf6 2. d4 e6 3. Nc3 d5 4. e3 Be7 5. Nf3 Nbd7 6. Bd2 0-0 7. c5 c6 8. Bd3 Qc7 9. b4 e5 10. dxe5 Nxe5 11. Be2 Bf5 12. Nxe5 Qxe5 13. 0-0 Rfe8 14. Bf3 Rad8 15. Ne2 Ne4 16. Nd4 Nxd2 17. Qxd2 Bg6 18. g3 a6 19. a4 Qc7 20. a5 Bf6 21. Rfe1 Be4 22. Bg2 Bxg2 23. Kxg2 Re4 24. Re2 Bxd4 1/2-1/2

[Event "Emilia Romagna Province-ch"]
[Site "Formigine"]
[Date "2007.04.29"]
[Round "3"]
[White "Piccinini, Samuele"]
[Black "Campidelli, Silvio"]
[Result "1-0"]
[WhiteElo "1749"]
[BlackElo "1554"]
[PlyCount "81"]
[EventDate "2007.04.28"]
[EventType "swiss"]
[EventRounds "6"]
[EventCountry "ITA"]
[SourceTitle "EXT 2009"]
[Source "ChessBase"]
[SourceDate "2008.11.26"]
[SourceVersion "1"]
[SourceVersionDate "2008.11.26"]
[SourceQuality "1"]

1. d4 d5 2. c4 e6 3. Nc3 Be7 4. Nf3 Nf6 5. Bg5 Nbd7 6. e3 0-0 7. Qc2 Re8 8. Bd3 dxc4 9. Bxc4 a6 10. 0-0 b5 11. Be2 Bb7 12. Rfd1 Rc8 13. Ne5 Nxe5 14. dxe5 Nd5 15. Bf4 Bg5 16. Bg3 Qe7 17. h3 c5 18. Ne4 Nb4 19. Qb1 Bxe4 20. Qxe4 Red8 21. Rd6 Qc7 22. a3 Nc6 23. Bf3 Nb8 24. Rad1 Be7 25. Qg4 Bxd6 26. exd6 Qa7 27. Be5 f5 28. Qg5 h6 29. Qg3 Nc6 30. Bf4 g5 31. h4 g4 32. e4 Kh7 33. exf5 gxf3 34. Qg6+ Kh8 35. fxe6 Qg7 36. Qxh6+ Qxh6 37. Bxh6 Rg8 38. Bg5 Kg7 39. d7 Ra8 40. e7 Kf7 41. d8Q 1-0

[Event "Emilia Romagna Province-ch"]
[Site "Formigine"]
[Date "2007.04.28"]
[Round "2"]
[White "Campidelli, Silvio"]
[Black "Chiarion, Elisa"]
[Result "1/2-1/2"]
[WhiteElo "1554"]
[BlackElo "1769"]
[PlyCount "143"]
[EventDate "2007.04.28"]
[EventType "swiss"]
[EventRounds "6"]
[EventCountry "ITA"]
[SourceTitle "EXT 2009"]
[Source "ChessBase"]
[SourceDate "2008.11.26"]
[SourceVersion "1"]
[SourceVersionDate "2008.11.26"]
[SourceQuality "1"]

1. e4 c5 2. Nf3 d6 3. d4 cxd4 4. Nxd4 Nf6 5. Nc3 g6 6. Be3 Bg7 7. f3 0-0 8. Qd2 d5 9. e5 Ne8 10. f4 Nc6 11. 0-0-0 a6 12. Be2 Na5 13. Nf3 e6 14. g4 b5 15. Bc5 Qc7 16. Bxf8 Bxf8 17. Bd3 Bb7 18. f5 Nc4 19. Bxc4 dxc4 20. Qe2 b4 21. Ne4 a5 22. fxe6 fxe6 23. Nd6 Bd5 24. Nxe8 Rxe8 25. Rhf1 c3 26. b3 a4 27. Nd4 axb3 28. cxb3 Qa5 29. Kb1 Ra8 30. Rf2 Be7 31. Qb5 Qc7 32. Nc2 Rb8 33. Qe2 Ra8 34. Qb5 Qxe5 35. Re2 Qc7 36. Rxd5 Rb8 37. Qd7 Qxd7 38. Rxd7 Bg5 39. Rxe6 Rf8 40. Re1 Bh4 41. Red1 Rb8 42. R7d4 Be7 43. Re1 Bf8 44. Rde4 Kg7 45. Rd1 Kh6 46. Rdd4 Bc5 47. Rc4 Rd8 48. Kc1 Bf8 49. Nxb4 Rd2 50. Rxc3 Rxh2 51. Rc2 Rh3 52. Nd3 Rxd3 53. Ree2 Ba3+ 54. Rb2 Bxb2+ 55. Kxb2 Rd7 56. a4 Kg5 57. Re4 h5 58. gxh5 gxh5 59. a5 h4 60. Ra4 h3 61. a6 Ra7 62. b4 h2 63. Ra1 Rxa6 64. Rh1 Rh6 65. Kc3 Rh4 66. b5 Kg4 67. b6 Kg3 68. b7 Rh8 69. Kc4 Kg2 70. Rb1 h1Q 71. Rxh1 Kxh1 72. Kc5 1/2-1/2